Σεραφείμ Μυτιληναίος : ο λησμονημένος πρωτοπόρος : (1670-1735)
Αποθηκεύτηκε σε:
| Κύριος συγγραφέας: | |
|---|---|
| Μορφή: | Βιβλίο |
| Γλώσσα: | Greek |
| Δημοσίευση: |
Αθήναι :
[χ.ο.],
1973.
|
| Θέματα: | |
| Ετικέτες: |
Προσθήκη ετικέτας
Δεν υπάρχουν, Καταχωρήστε ετικέτα πρώτοι!
|
MARC
| LEADER | 00000cam a2200000 i 4500 | ||
|---|---|---|---|
| 001 | 1/50301 | ||
| 008 | 941103s1973 gr | ||| |||| ||gre|| | ||
| 035 | |a 1992 |l 10043842 | ||
| 040 | |a GR-MyUa |b gre |e AACR2 | ||
| 041 | 0 | |a gre | |
| 082 | 0 | |a 270.092 |2 (22) | |
| 100 | 1 | |a Μπαΐρακτάρης, Στυλιανός Σ. | |
| 245 | 1 | 0 | |a Σεραφείμ Μυτιληναίος : |b ο λησμονημένος πρωτοπόρος : (1670-1735) / |c Στυλ. Σ. Μπαΐρακτάρη. |
| 260 | |a Αθήναι : |b [χ.ο.], |c 1973. | ||
| 300 | |a 32 σ. ; |c 21 εκ. | ||
| 600 | 0 | 7 | |2 nlgaf |a Σεραφείμ ο Μυτιληναίος, |d π. 1667- π. 1735. |
| 650 | 0 | 0 | |a Christian biography. |
| 852 | |a INST |b SAMOS |e 19941103 |h 270.092 ΜΠΑ |p 005300000655 |q 005300000655 |t BK |y 0 | ||